00490nam a2200193Ia 4500003000400000005001700004008004000021020001800061040000700079041000800086082001300094100001800107245009100125260003200216300001200248650001500260650000800275650001300283OSt20251208142524.0210210b2003 xxu||||| |||| 00| 0 eng d a9780140449198 cAL aeng a821 GEOE aAndrew George aEpic of gilgameshb: The babylonian epic poem and other texts in Akkadian and Sumerian aLondonbPenguin Booksc2003 aiv,228p ababylonian aand aAkkadian